| 000 -LEADER |
| fixed length control field |
01144nam a22002297a 4500 |
| 001 - CONTROL NUMBER |
| control field |
21003 |
| 003 - CONTROL NUMBER IDENTIFIER |
| control field |
BD-DhUAP |
| 005 - DATE AND TIME OF LATEST TRANSACTION |
| control field |
20210121151539.0 |
| 008 - FIXED-LENGTH DATA ELEMENTS--GENERAL INFORMATION |
| fixed length control field |
210121s2020 bg a|||| |||| 000 0 ben d |
| 020 ## - INTERNATIONAL STANDARD BOOK NUMBER |
| International Standard Book Number |
9847007609567 |
| 040 ## - CATALOGING SOURCE |
| Original cataloging agency |
BD-DhUAP |
| Language of cataloging |
Ben |
| Transcribing agency |
BD-DhUAP |
| Modifying agency |
BD-DhUAP |
| 082 ## - DEWEY DECIMAL CLASSIFICATION NUMBER |
| Edition number |
23 |
| Classification number |
923.1 AMR |
| 245 ## - TITLE STATEMENT |
| Title |
আমরা লিখেছি ১০০ মুজিব : |
| Remainder of title |
শিশুদের লেখা রচনা সংকলন / |
| Statement of responsibility, etc. |
হাসেম খান ... [এবং অন্যান্য] কর্তৃক সম্পাদিত। |
| 250 ## - EDITION STATEMENT |
| Edition statement |
মুজিববর্ষ সং.। |
| 260 ## - PUBLICATION, DISTRIBUTION, ETC. |
| Place of publication, distribution, etc. |
ঢাকা : |
| Name of publisher, distributor, etc. |
বাংলাদেশ শিশু একাডেমি, |
| Date of publication, distribution, etc. |
c২০২০। |
| 300 ## - PHYSICAL DESCRIPTION |
| Extent |
৫৫ পৃষ্ঠা : |
| Other physical details |
চিত্র ; |
| Dimensions |
২৮ সেমি.। |
| 490 ## - SERIES STATEMENT |
| Series statement |
জাতির পিতা বঙ্গবন্ধু শেখ মুজিবুর রহমান শিশু-গ্রন্থমালা-১৭। |
| 600 ## - SUBJECT ADDED ENTRY--PERSONAL NAME |
| Personal name |
Rahman, Shekik Mujibur |
| Dates associated with a name |
1920-1975 |
| Form subdivision |
Biography. |
| 650 ## - SUBJECT ADDED ENTRY--TOPICAL TERM |
| Topical term or geographic name entry element |
Politician |
| Form subdivision |
Biography. |
| 700 ## - ADDED ENTRY--PERSONAL NAME |
| Personal name |
খান, হাসেম। |
| 942 ## - ADDED ENTRY ELEMENTS (KOHA) |
| Source of classification or shelving scheme |
|
| Koha item type |
Book |